00278nam a2200121Ia 4500008004100000100001900041245001700060260003200077300000800109650001500117942000700132999001700139190216s9999||||xx |||||||||||||| ||und|| aRamachandran R 0aSyamasundary bPoorna Pubs Kozhikodec1966 a67p aKavithakal cBK c26913d26913